000 00282nam a22001217a 4500
008 180201b xxu||||| |||| 00| 0 eng d
041 _aeng
080 _a54
100 _a13
101 _a12
245 _atextbook quantitative inorganic analysis
_ckolthoff.i.m
942 _2udc
_cBK
999 _c41549
_d41549